000
00216nam a22000857a 4500
008
170124b xxu||||| |||| 00| 0 eng d
100
_9
2540
_a
Singhal.J.P.
245
_a
Social Science-VIII
260
_a
New Delhi
_b
Singh
_c
2010
999
_c
5629
_d
5629